PPG leaders by year - Statistics

General Stats
  • This quiz has been taken 42 times
    12 since last reset
  • The average score is 91 of 100
Answer Stats
Team PPG Player % Correct
MIN 28.8 Anthony Edwards
100%
MIN 27.6 Anthony Edwards
100%
MIN 25.9 Anthony Edwards
100%
MIN 24.6 Anthony Edwards
100%
MIN 21.3 Anthony Edwards
100%
MIL 24.9 Damian Lillard
100%
MIL 24.3 Damian Lillard
100%
POR 32.2 Damian Lillard
100%
SAS 21.1 Dejounte Murray
100%
PHX 26.1 Devin Booker
100%
PHX 25.6 Devin Booker
100%
PHX 27.1 Devin Booker
100%
PHX 26.8 Devin Booker
100%
CLE 27.9 Donovan Mitchell
100%
CLE 24.0 Donovan Mitchell
100%
CLE 28.3 Donovan Mitchell
100%
UTA 25.9 Donovan Mitchell
100%
MIL 30.4 Giannis Antetokounmpo
100%
MIL 30.4 Giannis Antetokounmpo
100%
MIL 31.1 Giannis Antetokounmpo
100%
MIL 29.9 Giannis Antetokounmpo
100%
NYK 26.0 Jalen Brunson
100%
NYK 26.0 Jalen Brunson
100%
NYK 28.7 Jalen Brunson
100%
NYK 24.0 Jalen Brunson
100%
DEN 25.4 Jamal Murray
100%
BOS 28.7 Jaylen Brown
100%
BOS 23.0 Jaylen Brown
100%
BOS 26.6 Jaylen Brown
100%
BOS 23.6 Jaylen Brown
100%
BOS 26.8 Jayson Tatum
100%
BOS 26.9 Jayson Tatum
100%
BOS 30.1 Jayson Tatum
100%
BOS 26.9 Jayson Tatum
100%
PHI 33.1 Joel Embiid
100%
PHI 30.6 Joel Embiid
100%
HOU 26.0 Kevin Durant
100%
PHX 26.6 Kevin Durant
100%
PHX 27.1 Kevin Durant
100%
LAL 24.4 LeBron James
100%
LAL 25.7 LeBron James
100%
LAL 33.5 Luka Doncic
100%
DAL 33.9 Luka Doncic
100%
DAL 32.4 Luka Doncic
100%
DAL 28.4 Luka Doncic
100%
DEN 27.7 Nikola Jokic
100%
DEN 29.6 Nikola Jokic
100%
DEN 26.4 Nikola Jokic
100%
DEN 24.5 Nikola Jokic
100%
DEN 27.1 Nikola Jokic
100%
OKC 31.1 Shai Gilgeous-Alexander
100%
OKC 32.7 Shai Gilgeous-Alexander
100%
OKC 30.1 Shai Gilgeous-Alexander
100%
OKC 31.4 Shai Gilgeous-Alexander
100%
GSW 24.5 Stephen Curry
100%
GSW 26.4 Stephen Curry
100%
GSW 25.5 Stephen Curry
100%
ATL 24.2 Trae Young
100%
ATL 26.2 Trae Young
100%
ATL 28.4 Trae Young
100%
SAS 25.0 Victor Wembanyama
100%
LAL 24.7 Anthony Davis
89%
DET 23.9 Cade Cunningham
89%
DET 26.1 Cade Cunningham
89%
SAS 23.5 De'Aaron Fox
89%
SAC 26.6 De'Aaron Fox
89%
SAC 25.0 De'Aaron Fox
89%
SAC 23.2 De'Aaron Fox
89%
CLE 23.6 James Harden
89%
LAC 22.8 James Harden
89%
PHI 22.0 James Harden
89%
LAC 27.9 Kawhi Leonard
89%
LAC 23.7 Kawhi Leonard
89%
DAL 25.6 Kyrie Irving
89%
DAL 27.1 Kyrie Irving
89%
IND 24.0 Pascal Siakam
89%
TOR 24.2 Pascal Siakam
89%
TOR 22.8 Pascal Siakam
89%
MIA 23.9 Tyler Herro
89%
PHI 28.3 Tyrese Maxey
89%
PHI 25.9 Tyrese Maxey
89%
ORL 24.2 Franz Wagner
78%
ATL 22.5 Jalen Johnson
78%
MEM 26.2 Ja Morant
78%
NYK 24.4 Karl-Anthony Towns
78%
MIN 24.6 Karl-Anthony Towns
78%
ORL 22.2 Paolo Banchero
78%
SAC 23.3 Zach Lavine
78%
CHI 24.8 Zach LaVine
78%
CHI 24.4 Zach LaVine
78%
NOP 22.9 Zion Williamson
78%
CLE 21.7 Darius Garland
67%
CHI 24.0 DeMar DeRozan
67%
CHI 24.5 DeMar DeRozan
67%
CHI 27.9 DeMar DeRozan
67%
POR 24.2 Deni Avdija
56%
NYK 25.1 Julius Randle
44%
NOP 22.1 CJ McCollum
33%
MIA 21.7 Norman Powell
33%
UTA 25.6 Lauri Markkanen
22%
No matching quizzes found
Score Distribution
Percent of People with Each Score
Percentile by Number Answered
Your Score History
You have not taken this quiz since the last reset